ARRUPE JESUIT UNIVERSITY

CORONAVIRUS -STOP THE SPREAD - CLEAN,DISINFECT,COVER

The Actor's manual : (Record no. 125813)

MARC details
000 -LEADER
fixed length control field 01348cam a2200397 i 4500
001 - CONTROL NUMBER
control field 103035
003 - CONTROL NUMBER IDENTIFIER
control field ARRUPE
005 - DATE AND TIME OF LATEST TRANSACTION
control field 20161129120840.0
008 - FIXED-LENGTH DATA ELEMENTS--GENERAL INFORMATION
fixed length control field 820929s1980 nyu b 100 0 eng
010 ## - LIBRARY OF CONGRESS CONTROL NUMBER
LC control number 80010111
020 ## - INTERNATIONAL STANDARD BOOK NUMBER
International Standard Book Number 0801500400
035 ## - SYSTEM CONTROL NUMBER
System control number (OCoLC)173653614
035 ## - SYSTEM CONTROL NUMBER
System control number (OCoLC)ocn173653614
035 ## - SYSTEM CONTROL NUMBER
System control number (CStRLIN)NYCG82-B45552
035 ## - SYSTEM CONTROL NUMBER
System control number (NNC)103035
040 ## - CATALOGING SOURCE
Modifying agency NNC
Transcribing agency DLC
043 ## - GEOGRAPHIC AREA CODE
Geographic area code n-us---
050 0# - LIBRARY OF CONGRESS CALL NUMBER
Classification number PN2055.A25 1980
082 ## - DEWEY DECIMAL CLASSIFICATION NUMBER
Classification number 792/.028/023
090 ## - LOCALLY ASSIGNED LC-TYPE CALL NUMBER (OCLC); LOCAL CALL NUMBER (OCLC)
Classification number (OCLC) (R) ; Classification number, CALL (RLIN) (NR) PN2055
Local cutter number (OCLC) ; Book number/undivided call number, CALL (RLIN) .A25 1980
300 ## - PHYSICAL DESCRIPTION
Dimensions 28 cm.
100 ## - MAIN ENTRY--PERSONAL NAME
Personal name Norman Beil
9 (RLIN) 27702
245 04 - TITLE STATEMENT
Title The Actor's manual :
Remainder of title a practical legal guide /
Statement of responsibility, etc compiled and edited by Norman Beil, Paul Supnik, and Paula Wagner.
250 ## - EDITION STATEMENT
Edition statement 1st ed.
260 ## - PUBLICATION, DISTRIBUTION, ETC. (IMPRINT)
Place of publication, distribution, etc New York :
Name of publisher, distributor, etc Elsevier-Dutton,
Date of publication, distribution, etc c1980.
300 ## - PHYSICAL DESCRIPTION
Extent xiv, 208 p.;
650 #0 - SUBJECT ADDED ENTRY--TOPICAL TERM
Topical term or geographic name as entry element Acting
General subdivision Vocational guidance
Form subdivision Congresses.
9 (RLIN) 27703
650 #0 - SUBJECT ADDED ENTRY--TOPICAL TERM
Topical term or geographic name as entry element Actors
General subdivision Legal status, laws, etc.
Geographic subdivision United States
Form subdivision Congresses.
9 (RLIN) 27704
650 #0 - SUBJECT ADDED ENTRY--TOPICAL TERM
Topical term or geographic name as entry element Contracts
Geographic subdivision United States
Form subdivision Congresses.
9 (RLIN) 27705
700 1# - ADDED ENTRY--PERSONAL NAME
Personal name Beil, Norman.
9 (RLIN) 27706
700 1# - ADDED ENTRY--PERSONAL NAME
Personal name Supnik, Paul D.
9 (RLIN) 27707
700 1# - ADDED ENTRY--PERSONAL NAME
Personal name Wagner, Paula.
9 (RLIN) 27708
710 2# - ADDED ENTRY--CORPORATE NAME
Corporate name or jurisdiction name as entry element Beverly Hills Bar Association Barristers.
Subordinate unit Committee for the Arts.
9 (RLIN) 27709
711 2# - ADDED ENTRY--MEETING NAME
Meeting name or jurisdiction name as entry element Symposium for Actors and Actresses
Date of meeting (1978 :
Location of meeting Los Angeles, Calif.)
9 (RLIN) 27710
942 ## - ADDED ENTRY ELEMENTS (KOHA)
Source of classification or shelving scheme Library of Congress Classification
Koha item type Monograph ( Printed materials)
Holdings
Withdrawn status Lost status Source of classification or shelving scheme Damaged status Not for loan Collection code Home library Current library Shelving location Date acquired Total Checkouts Full call number Barcode Date last seen Price effective from Koha item type
    Library of Congress Classification     Main Collection ARRUPE LIBRARY ARRUPE LIBRARY Main Collection 29/11/2016   PN2055.A25 1980 46500010744 27/03/2019 29/11/2016 Monograph ( Printed materials)

 

Arrupe Library. PO Box MP320 Mt Pleasant, Harare, Zimbabwe
263 242 745411|librarian@aju.ac.zw